000 00618nam a2200229 i 4500
001 C2-0316833
003 PPAK
005 20180728112955.0
008 120808s2011 xxua|||| ||||| | eng d
020 _a9781565235496
040 _aPPAK
_beng
_cPPAK
_erda
082 0 4 _a623.82
_223
090 0 0 _a623.82
_bBOA
_dR
245 0 0 _aBoat maintenance
264 1 _aPetersburg :
_bFox Chapel Publishing ,
_c2011
300 _a159 pages :
_bcolour illustrations ;
_c23 cm
336 _2rdacontent
_atext
337 _2rdamedia
_aunmediated
338 _2rdacarrier
_avolume
650 1 0 _aBoats and ship
942 _ddc
_cB
999 _c117943
_d117943